000 01073nam a22002297a 4500
999 _c32728
_d60726
005 20210125095429.0
020 _a978-2-01-702557-3
037 _aBC_720 69
_faut
040 _aBC-ENSA
_bfre
041 _afre
_bfre
080 _a658
100 _aFRIEDRICH, Jean-Jacques
_956899
245 _aComptabilité générale & gestion des entreprises
250 _a9e éd.
260 _aVanves
_bHachette supérieur
_c2018
300 _a448 p.
_bill., couv. ill. en coul.
_c24 cm
541 _cACHN
562 _e01 exemplaire(s)
942 _c09
520 _aS'appuyant sur de nombreux exemples, cet ouvrage permet de comprendre le langage, les principes et les mécanismes de la comptabilité, ainsi que la manière de l'utiliser comme un outil d'analyse et de diagnostic de l'entreprise. Il aborde les normes IFRS et la comptabilité anglo-saxonne grâce à deux chapitres bilingues français/anglais complétés d'un lexique de 350 mots dans les deux langues.
653 _aENTREPRISE/GESTION/COMPTABILITE/MECANISME/FINANCE